000 00682cam a22002533a 4500
001 26191
003 PGUSA
005 20140828083550.0
008 080804s2008||||xxu|||||s|||||000 1 eng d
040 _aPGUSA
_beng
042 _adc
050 4 _aPS
100 1 _aBudrys, Algis,
_d1931-2008
245 1 0 _aCitadel
_h[electronic resource] /
_cAlgis Budrys
260 _bProject Gutenberg,
_c2008
506 _aPublic domain in the USA.
516 _aElectronic text
653 _aSpace colonies -- Fiction
653 _aScience fiction
700 1 _aDongen, H. R. van
830 0 _aProject Gutenberg
_v26191
856 4 0 _uhttp://www.gutenberg.org/ebooks/26191
942 _cEB
999 _c255446
_d255446